01330nam a2200301Ia 4500001001200000003000800012006001900020007001500039008004100054020002600095020001800121040002100139035002100160050002400181111004100205245018000246260005100426300001900477504004100496533015200537600007900689650002900768655002900797700002100826710001700847710003800864856012600902ebr10678820CaPaEBRm u cr cn|||||||||130417s2012 caua sb 000 0 eng d z9781847602350 (ebook) z9781847602367 aCaPaEBRcCaPaEBR a(OCoLC)84698604714aPR5888b.W67 2012eb2 aWordsworth Summer Conferenced(2012)10aGrasmere, 2012h[electronic resource] :bselected papers from the Wordsworth Summer Conference /ccompiled by Richard Gravil on behalf of the Wordsworth Conference Foundation. aPenrith, CA :bHEB Humanities E-Books,cc2012. a197 p. :bill. aIncludes bibliographical references. aElectronic reproduction.bPalo Alto, Calif. :cebrary,d2013.nAvailable via World Wide Web.nAccess may be limited to ebrary affiliated libraries.10aWordsworth, William,d1770-1850xCriticism and interpretationvCongresses. 0aRomanticismvCongresses. 7aElectronic books.2local1 aGravil, Richard.2 aebrary, Inc.2 aWordsworth Conference Foundation.40uhttp://site.ebrary.com/lib/rucke/Doc?id=10678820zAn electronic book accessible through the World Wide Web; click to view